000 00687nam a2200193Ii 4500
003 JO-AjNU
008 230605s9999||||xx |||||||||||||| ||und||
040 _aJO-AjNU
_bara
_erda
_cJO-AjNU
041 _aara
050 1 4 _aQB801.I2664 1996
100 3 _aالثقفي ، عبدالله بن حسين بن عاصم,
_eauthor
_919023
245 0 0 _aالانواء والازمنة ومعرفة اعيان الكواكب والنجوم
264 3 1 _aبيروت:دار الجيل ، 1996
300 _a45ص
_bصور توضيحيه
336 _atext
_btxt
_2rdacontent
337 _aunmediated
_bn
_2rdamedia
338 _avolume
_bnc
_2rdacarrier
650 4 _aالكواكب-النجوم
_919024
999 _aA6193
_c9761
_d9761